Films and Series of Marvel Cinematic Universe - Statistics

General Stats
  • This quiz has been taken 4,096 times
    330 since last reset
  • The average score is 41 of 72
Answer Stats
Phase/TV-Network Year Film/Serie % Correct
Phase One 2008 Iron Man
98%
Phase One 2010 Iron Man 2
97%
Phase Two 2013 Iron Man 3
95%
Phase One 2012 Marvel's The Avengers
95%
Phase One 2011 Thor
93%
Phase Three 2018 Avengers: Infinity War
89%
Phase Two 2015 Ant-Man
87%
Phase One 2011 Captain America: The First Avenger
87%
Phase Three 2016 Captain America: Civil War
86%
Phase Two 2015 Avengers: Age of Ultron
85%
Phase Three 2019 Avengers: Endgame
85%
Phase Two 2014 Captain America: The Winter Soldier
85%
Phase Three 2017 Spider-Man: Homecoming
85%
Phase One 2008 The Incredible Hulk
85%
Phase Two 2013 Thor: The Dark World
85%
Phase Two 2014 Guardians of the Galaxy
84%
Disney+ 2022 The Guardians of the Galaxy Holiday Special
84%
Phase Three 2019 Spider-Man: Far From Home
83%
Phase Three 2018 Ant-Man and the Wasp
80%
Phase Three 2018 Black Panther
80%
Phase Three 2017 Guardians of the Galaxy Vol. 2
80%
Phase Four 2021 Spider-Man: No Way Home
80%
Phase Three 2017 Thor: Ragnarok
80%
Phase Three 2016 Doctor Strange
79%
Phase Three 2019 Captain Marvel
78%
Phase Four 2021 Black Widow
77%
Phase Four 2022 Thor: Love and Thunder
74%
Phase Five 2023 Guardians of the Galaxy Vol. 3
73%
Phase Four 2021 Eternals
70%
Disney+ 2021 WandaVision
70%
Phase Four 2022 Doctor Strange in the Multiverse of Madness
68%
Disney+ 2021-2023 Loki
68%
Netflix 2015-2018 Marvel's Daredevil
67%
Phase Four 2022 Black Panther: Wakanda Forever
66%
Phase Five 2025 Thunderbolts*
62%
Phase Five 2023 Ant-Man and the Wasp: Quantumania
61%
Phase Five 2023 The Marvels
61%
Disney+ 2021 The Falcon and the Winter Soldier
58%
Disney+ 2021 Hawkeye
56%
Disney+ 2022 She-Hulk: Attorney at Law
52%
Phase Five 2024 Deadpool & Wolverine
51%
Disney+ 2022 Moon Knight
48%
Phase Four 2021 Shang-Chi and the Legend of the Ten Rings
48%
Netflix 2017-2019 Marvel's The Punisher
44%
Disney+ 2021-2024 What If...?
44%
Phase Six 2027 Avengers: Secret Wars
43%
ABC 2013-2020 Marvel's Agents of S.H.I.E.L.D.
43%
Netflix 2015-2019 Marvel's Jessica Jones
43%
Phase Six 2026 Avengers: Doomsday
42%
Netflix 2016-2018 Marvel's Luke Cage
42%
Netflix 2017-2018 Marvel's Iron Fist
40%
Phase Six 2025 The Fantastic Four: First Steps
38%
Netflix 2017 Marvel's The Defenders
37%
Disney+ 2022 Ms. Marvel
35%
Phase Six 2026 Spider-Man: Brand New Day
33%
Disney+ 2025- Daredevil: Born Again
29%
Disney+ 2024 Echo
27%
Disney+ 2024 Agatha All Along
26%
Disney+ 2025 Ironheart
26%
Disney+ 2023 Secret Invasion
24%
ABC 2015-2016 Marvel's Agent Carter
21%
Disney+ 2026 Wonder Man
21%
Freeform 2018-2019 Marvel's Cloak & Dagger
20%
ABC 2017 Marvel's Inhumans
20%
Disney+ 2025 Marvel Zombies
17%
Disney+ 2022 Werewolf by Night
17%
Hulu 2017-2019 Marvel's Runaways
15%
Phase Five 2025 Captain America: New World Order
14%
Disney+ 2025 Eyes of Wakanda
14%
Hulu 2020 Marvel's Helstrom
7%
Disney+ 2026 VisionQuest
7%
Disney+ 2025- Your Friendly Neighborhood Spider-Man
6%
No matching quizzes found
Score Distribution
Percent of People with Each Score
Percentile by Number Answered
Your Score History
You have not taken this quiz since the last reset